Letní hygge - použijte koncept na šťastný život z Dánska
Hygge, hyggeling - pokus o výklad pojmu. Ide o dánsky koncept, ktorý je návodom na pohodu a užívanie si voľného času. Znamená radosť a pôžitok z okamžiku zbaveného od nutnosti niečo dosahovať. Prenikanie tohto konceptu do Británie a Česka.
Enregistré dans:
| Auteur principal: | |
|---|---|
| Format: | Chapitre de livre |
| Langue: | tchèque |
| Sujets: | |
| Tags: |
Pas de tags, Soyez le premier à ajouter un tag!
|
MARC
| LEADER | 00000naa a2200000 4500 | ||
|---|---|---|---|
| 001 | 0235004 | ||
| 005 | 20170814095302.0 | ||
| 041 | 0 | |a cze | |
| 044 | |a CZ | ||
| 245 | 1 | 0 | |a Letní hygge - použijte koncept na šťastný život z Dánska |c Barbara Čechová Hansen |
| 520 | |a Hygge, hyggeling - pokus o výklad pojmu. Ide o dánsky koncept, ktorý je návodom na pohodu a užívanie si voľného času. Znamená radosť a pôžitok z okamžiku zbaveného od nutnosti niečo dosahovať. Prenikanie tohto konceptu do Británie a Česka. | ||
| 610 | 2 | 0 | |a štýl životný |
| 610 | 2 | 0 | |a výkony pracovné |
| 610 | 2 | 0 | |a Dánsko |
| 100 | 1 | |a Čechová Hansen, Barbara | |